Podział administracyjny Szczecina - Statystyki

Ogólne statystyki
  • Ten quiz został rozwiązany 53 razy
  • Średni wynik to 13 z 37
Statystyki odpowiedzi
Odpowiedź % Poprawnych
Gumieńce
70%
Centrum
68%
Pomorzany
65%
Niebuszewo
63%
Podjuchy
60%
Pogodno
60%
Warszewo
58%
Słoneczne
55%
Dąbie
53%
Stare Miasto
50%
Turzyn
48%
Zdroje
43%
Bukowo
38%
Nowe Miasto
38%
Kijewo
35%
Osów
35%
Skolwin
33%
Niebuszewo-Bolinko
30%
Żydowce-Klucz
30%
Drzetowo-Grabowo
28%
Śródmieście-Północ
28%
Stołczyn
28%
Żelechowa
28%
Majowe
25%
Zawadzkiego-Klonowica
25%
Arkońskie-Niemierzyn
23%
Bukowe-Klęskowo
23%
Krzekowo-Bezrzecze
23%
Łękno
23%
Śródmieście-Zachód
23%
Wielgowo-Sławociesze-Zdunowo
20%
Głębokie-Pilchowo
18%
Płonia-Śmierdnica-Jezierzyce
18%
Świerczewo
18%
Golęcino-Gocław
15%
Załom-Kasztanowe
15%
Międzyodrze-Wyspa Pucka
13%
Nie znaleziono quizów pasujących do podanych kryteriów
Rozkład punktacji
Procent ludzi z każdym wynikiem
Percentyl według liczby udzielonych odpowiedzi
Twoja historia wyników
Nie rozwiązałeś tego quizu